Before and After: Music and Television Quiz Stats

Quiz Updated Mar 30, 2012

Challenge
Share
Tweet
Embed
Score 0/14 Timer 06:00
1 Play Today
Song by the Musical artist or band Band or Musician Before, TV Show After % Correct
I Can't Stop Loving You, Georgia on My MindRay Charles in Charge
73.7%
Sugar, We're Goin Down, Thnks fr th MmrsFall Out Boy Meets World
56.9%
The Power of Love, Stuck With YouHuey Lewis and the News Radio
53.5%
Mama Told Me (Not to Come), Eli's ComingThree Dog Night Court
48.4%
Coming Around Again, You're So VainCarly Simon and Simon
44.7%
Southern Cross, Teach Your ChildrenCrosby Stills and Nash Bridges
43.3%
That's the Way (I Like It), Get Down TonightKC and the Sunshine Band of Brothers
40.8%
Song by the Musical artist or band Band or Musician Before, TV Show After % Correct
Bye Bye Love, All I Have to Do is DreamThe Everly Brothers and Sisters
37.5%
Little Lion Man, The CaveMumford & Sons of Anarchy
27.5%
Doo Wop (That Thing), Ex-FactorLauryn Hill Street Blues
26.6%
The Glamorous Life, A Love BizarreSheila E.R.
25.3%
Don't Dream It's Over, Something So StrongCrowded House MD
24.5%
Truckin', Touch of GreyGrateful Dead Like Me
20.3%
White Lines, The MessageGrandmaster Flash Forward
9.1%

You're not logged in!

Compare scores with friends on all Sporcle quizzes.
Join for Free
OR
Log In

You Might Also Like...

Show Comments

Extras

Top Quizzes Today


Score Distribution

Your Account Isn't Verified!

In order to create a playlist on Sporcle, you need to verify the email address you used during registration. Go to your Sporcle Settings to finish the process.

Report this User

Report this user for behavior that violates our Community Guidelines.

Details: